| 000 | 00659cam a2200241 a 4500 | ||
|---|---|---|---|
| 001 | 000004607 | ||
| 005 | 20200929151453.0 | ||
| 008 | 920618s1991 sp 000 e spa d | ||
| 020 | _a8432206490 | ||
| 040 |
_aDO-SdBNP _cDLC |
||
| 082 |
_a864.64 _bL791e |
||
| 100 | 1 |
_aLlamazares, Julio, _d1955- _913441 |
|
| 245 | 1 | 0 |
_aEn babia / _cJulio Llamazares. |
| 260 |
_aBarcelona : _bSeix Barral, _c1991. |
||
| 300 |
_a226 p. ; _c20 cm. |
||
| 490 | 1 | _aBiblioteca breve | |
| 650 | 4 |
_aEnsayo español _93923 |
|
| 650 | 4 |
_aLiteratura española _9632 |
|
| 830 | 0 |
_aBiblioteca breve _913442 |
|
| 910 | _aCatalogación por copia / LC | ||
| 910 | _aWM | ||
| 049 | _aBNGR | ||
| 999 |
_c4415 _d4415 |
||